000 00554cam a22002291 4500
001 sa 62000410
003 DLC
005 20260227111914.0
008 890801s1961 ii 000 0 hino
010 _asa 62000410
035 _a(OCoLC)20109566
040 _aDLC
_cWaU
_dDLC
042 _apremarc
043 _aa-ii---
050 0 0 _aLA1151
_b.S45
100 1 _aSingh, Raghava Prasad.
245 1 0 _aJanatantra meṃ śikshā ke uddeśya.
260 _c[1961]
300 _a230 p.
_c20 cm.
500 _aIn Hindi.
650 0 _aEducation
_zIndia.
999 _c52931
_d52931